Normal view MARC view
  • Peninsular War, 1807-1814

Entry Topical Term

Number of records used in: 1

001 - CONTROL NUMBER

  • control field: 46168

003 - CONTROL NUMBER IDENTIFIER

  • control field: NUST

005 - DATE AND TIME OF LATEST TRANSACTION

  • control field: 20210314133436.0

008 - FIXED-LENGTH DATA ELEMENTS

  • fixed length control field: 210314|| aca||aabn | a|a d

040 ## - CATALOGING SOURCE

  • Original cataloging agency: NUST
  • Transcribing agency: NUST

150 ## - HEADING--TOPICAL TERM

  • Topical term or geographic name entry element: Peninsular War, 1807-1814
  • General subdivision: Fiction

670 ## - SOURCE DATA FOUND

  • Source citation: Work cat.: (NUST): Forester, C. S. 46167, Death to the French, 1967.
© 2023 Central Library, National University of Sciences and Technology. All Rights Reserved.